000 00270nam a2200109Ia 4500
008 190216s9999||||xx |||||||||||||| ||und||
100 _aSundharam Kpm&Amp; Sundharam En
245 0 _aEconomic Analysis
260 _bSulthan Chand&Sons
_c1983
300 _a576p
942 _cBK
999 _c9581
_d9581